Open Data Biblioteca Nacional de Portugal


República Portuguesa: Ministério da Cultura
Biblioteca Nacional de Portugal

Catálogo da BNP: acesso por Identificadores Unívocos
Registos Bibliográficos associados ao registo de autoridade

Etiqueta de registo: 00489cam 2200181 450
001 544969
003 http://id.bnportugal.gov.pt/bib/catbnp/544969
005 19990103000000.0
095 ## $aPTBN00748278
100 ## $a19950708d1614 m y0pory0103 ba
101 0# $aita
102 ## $aIT
200 1# $aStatuti e regole della Congregatione di Cherici eretta in Napoli
210 #9 $aIn Napoli$cper Lazaro Scoriggio,$d1614
215 ## $a281, [34] p.
620 ## $dNapoles
702 #1 $aScoriggio,$bLazzaro,$ffl. 1612-1633$4610$3182007
801 #0 $aPT$bBN$gRPC
966 ## $lBN$mFGMON$sS.C. 5452 P.
997 ## $aBIBEOD

Etiqueta de registo: 01427cam 2200337 450
001 569138
003 http://id.bnportugal.gov.pt/bib/catbnp/569138
005 19990104000000.0
095 ## $aPTBN00778060
100 ## $a19951020d1621 k y0pory0103 ba
101 0# $aita
102 ## $aIT
200 1# $aLettere annue del Giappone, China, Goa, et Ethiopia. Scritte. Al M. R. P. Generale della Companhia di Giesú. Da Padri dell'istessa Compagnia ne gli anni 1615. 1616. 1617. 1618. 1619.$fVolgarizati dal P. Lorenzo delle Pozze...
210 #9 $aIn Napoli$cper Lazaro Scoriggio,$d1621
215 ## $a404, [4] p.$d8º (16 cm)
304 ## $aNome do autor segundo bibliografia
310 ## $aEncadernação em pergaminho
317 ## $aPert.: «D. Giuseppe Barbosa»$5PT/BN H.G. 2777 P.
321 1# $aBarbosa Machado I 391
321 1# $aBMC 44,714, 116 e 194,324
321 1# $aNUC NL 0295313
321 1# $aSommervogel II 1383 e VI 1143
515 1# $aCartas do Japão
540 1# $aCartas dos Jesuítas
620 ## $dNápoles
700 #1 $aConstanzo,$bCamilo de,$f1571-1622,$cS.J.$3235828
702 #1 $aPozze,$bLorenzo de,$f1567-1633,$cS.J.$4730$3235829
702 #1 $aScoriggio,$bLazzaro,$ffl. 1612-1633$4610$3182007
801 #0 $aPT$bBN$gRPC
856 42 $zPágina de título$uhttp://patrimonia.porbase.org/hg-2777-p/hg-2777-p_y-01_rosto_t24-C-R0150.jpg$2Página de título
856 42 $zMarca de posse$uhttp://patrimonia.porbase.org/hg-2777-p/hg-2777-p_y-02_marca-posse_t24-C-R0150.jpg$2Marca de posse
966 ## $lBN$mFGMON$sH.G. 2777 P.
966 ## $lBN$mRESIMP$nCota ant.: HG. 4003 P.$sRES. 5513 P.
997 ## $aBIBEOD

Etiqueta de registo: 00564cam 2200181 450
001 650154
003 http://id.bnportugal.gov.pt/bib/catbnp/650154
005 19990105000000.0
095 ## $aPTBN00861871
100 ## $a19970221d1624 k y0pory0103 ba
101 0# $aita
102 ## $aIT
200 1# $aBreve elogio della vita del P. Gioseffo Anceta della Compagnia di Giesu...
210 #9 $aIn Nap.$cper Lazzaro Scoriggio,$d1624
215 ## $a22 p.
620 ## $dNapoli
702 #1 $aScoriggio,$bLazzaro,$ffl. 1612-1633$4610$3182007
801 #0 $aPT$bBN$gRPC
856 42 $zrosto$uhttp://patrimonia.porbase.org/hg-3636-1-p/hg-3636-1-p_y-01_rosto_t24-C-R0150.jpg$2rosto
966 ## $lBN$mFGMON$sH.G. 3636//1 P.
997 ## $aBIBEOD

Etiqueta de registo: 00708cam 2200205 450
001 692674
003 http://id.bnportugal.gov.pt/bib/catbnp/692674
005 19990107000000.0
095 ## $aPTBN00906276
100 ## $a19970624d1633 km y0pory0103 ba
101 0# $aita
102 ## $aIT
200 1# $aVita di Giacopo Sannazaro$fdescritta da Gio. Battista Crispo
210 #9 $aIn Napoli$cper Lazaro Scorigio,$d1633
215 ## $a64 p.
620 ## $dNapoli
700 #1 $aCrispo,$bGiovanni Battista$3252937
702 #1 $aScoriggio,$bLazzaro,$ffl. 1612-1633$4610$3182007
801 #0 $aPT$bBN$gRPC
856 42 $zPágina de título$uhttp://patrimonia.porbase.org/hg-4281-p/hg-4281-p_y-01_rosto_t24-C-R0150.jpg$2Página de título
856 42 $zEx-libris$uhttp://patrimonia.porbase.org/hg-4281-p/hg-4281-p_y-02_ex-libris_t24-C-R0150.jpg$2Ex-libris
966 ## $lBN$mFGMON$sH.G. 4281 P.
997 ## $aBIBEOD

Etiqueta de registo: 01810cam 2200385 450
001 217903
003 http://id.bnportugal.gov.pt/bib/catbnp/217903
005 19981201110300.0
095 ## $aPTBN00225666
100 ## $a19900208d1622 k y0pory0103 ba
101 1# $aita$cfre
102 ## $aIT
105 ## $aa z 000zy
106 ## $ar
200 1# $aEntrata nella China de' Padri della Compagnia del Gesu$fTotta dai Commentarij del P. Matteo Ricci di detta Compagnia. Doue si contengono i costumi, le leggi, & ordini di quel Regno, e i principij difficilissimi della nascente Chiesa...$gOpera del P. Nicolao Trigauci Padre di detta Compagnia, & in molti luoghi da lui accresciuta, e reuista$gVolgarizzata dal signor Antonio Sozzini da Sarzana
210 #9 $aIn Napoli$cper Lazzaro Scoriggio,$d[1622]
215 ## $a[16], 504 p.$cil.$d4º (22 cm)
306 ## $aProvavelmente publicada em 1622, data da epistola dedicatória
307 ## $aFrontispício calcográfico
316 ## $aFaltam: p. 431-452 . - Notas mss. marginais. - Enc. de perg., da época$5PTBN: RES. 3475 V.
321 1# $aNUC NR 0237013
321 1# $aSommervogel 8, 241
620 ## $dNápoles
700 #1 $aRicci,$bMatteo,$f1552-1610,$cS.J.$3182003
702 #1 $aTrigault,$bNicolas,$f1577-1628,$cS.J.$4340$3182005
702 #1 $aSozzini,$bAntónio,$f16--$4730$3182006
702 #1 $aScoriggio,$bLazzaro,$ffl. 1612-1633$4610$3182007
801 #0 $aPT$bBN$gRPC
856 40 $uhttps://purl.pt/32528
856 41 $uhttps://purl.pt/32528/service/media/cover/low
856 49 $uhttps://purl.pt/32528/service/media/pdf$qapplication/pdf
958 ## $aBND$bLivre$cDigitalizado$d1$ehttps://purl.pt/32528/service/media/cover/max
966 ## $lBN$mMICROF$sF. 4425
966 ## $lBN$mRESIMP$nCota ant. H.G. 2764 P.$sRES. 3475 V.
995 ## $aOChina $zBND$d20180808$idfontes

Etiqueta de registo: 00881cam 2200229 450
001 895180
003 http://id.bnportugal.gov.pt/bib/catbnp/895180
005 19990520160100.0
100 ## $a19990520d1626 k y0pory0103 ba
101 0# $alat
102 ## $aIT
105 ## $ay z 000yy
106 ## $ar
200 1# $aAntiqui chronologi quatuor herempertus langobardus, lupus protospata anonymus cassinensis, falco beneventanus...$fAntonii Caraccioli
210 #9 $aNeapoli$cTypis Scorigianis,$d1626
215 ## $a[80], 343, [1] p.
327 1# $aS. Antonini coenobi agrippinensis apud surrentum quondam Abbatis vita/ab anonymo auctore ante an CCCC scripta... cum Antonii Caraccioli... notationibus. - 60 p.
500 10 $aSanctus Antonini coenobi agrippinensis apud surrentum quondam Abbatis vita
620 ## $dNápoles
700 #0 $aCaraccioli,$cMarquês de,$f1721-1803$388916
702 #1 $aScoriggio,$bLazzaro,$ffl. 1612-1633$4610$3182007
801 #0 $aPT$bBN$gRPC
966 ## $lBN$mFGMON$sH.G. 121 V.
997 ## $aBIBEOD

Etiqueta de registo: 00686cam 2200205 450
001 1004836
003 http://id.bnportugal.gov.pt/bib/catbnp/1004836
005 19991025114700.0
100 ## $a19991025d1613 k y0pory0103 ba
101 0# $aita
102 ## $aIT
105 ## $ay z 000yy
106 ## $ar
200 1# $aDichiarazioni della Pianta dell'antiche Siracuse, e d'alcune scelte Medaglie d'esse, e de Principi che quelle possedettero$fdescritte da Don Vincenzo Mirabella e Alagona...
210 #9 $aIn Napoli$cnella Stampa di LAzzaro Scoriggio,$d1613
215 ## $a2 p. em 1 v.$cil.
620 ## $dNápoles
700 #1 $aMirabella e Alagona,$bVincenzo$3141433
702 #1 $aScoriggio,$bLazzaro,$ffl. 1612-1633$4610$3182007
801 #0 $aPT$bBN$gRPC
966 ## $lBN$mFGMON$sH.G. 6032 V.$x0
997 ## $aBIBEOD

Etiqueta de registo: 00555nam 22001571i 450
001 1238504
003 http://id.bnportugal.gov.pt/bib/catbnp/1238504
100 ## $a20020702d1622 m y0pory010305 ba
101 0# $alat
102 ## $aIT
106 ## $ar
200 1# $aAntonii Santorelli... Antepraxis medica. In libros viginti, & unum distributa, in quibus ea omnia, quae Praxim medicinae aggressuris, praenoscere, est necessarium, summa brevitate examinantur
210 #9 $aNeapoli$capud Lazzarum Scoriggium$cet in eiusdem bibliotheca venduntur,$d1622
215 ## $a[24], 533, [3] p.$d4º (21 cm)
307 ## $aP. de tít. impressa a preto e vermelho
307 ## $aMarca de impressor
321 1# $aICCU$uhttp://opac.sbn.it/
620 ## $dNápoles
700 #1 $aSantorelli,$bAntónio,$f1559-1639$31393234
702 #1 $aScoriggio,$bLazzaro,$ffl. 1612-1633$4610$3182007
801 #0 $aPT$bBN$gRPC
801 #1 $aFR$bJOUVE$gRPC
966 ## $lBN$mFGMON$sS.A. 9266 P.$x0
997 ## $aBIBEOD

Etiqueta de registo: 00507cam 22001571i 450
001 1207710
003 http://id.bnportugal.gov.pt/bib/catbnp/1207710
100 ## $a20020304d1629 m y0pory010305 ba
101 0# $alat
102 ## $aIT
106 ## $ar
200 1# $aPostpraxis medica, seu De medicando defuncto, liber unus. In quo, quaecumque prudens, & christianus medicus debet defuncto praestare, explicantur. Auctor Antonius Santorellus...
210 #9 $aNeapoli$capud Lazarum Scorigium,$d1629
215 ## $a[12], 159, [1] p.$d4º (20 cm)
307 ## $aMarca de impressor
321 1# $aICCU$uhttp://opac.sbn.it/
620 ## $dNápoles
700 #1 $aSantorelli,$bAntónio,$f1559-1639$31393234
702 #1 $aScoriggio,$bLazzaro,$ffl. 1612-1633$4610$3182007
801 #0 $aPT$bBN$gRPC
801 #1 $aFR$bJOUVE$gRPC
966 ## $lBN$mFGMON$sS.A. 4511 V.$x0
997 ## $aBIBEOD

Etiqueta de registo: 01498cam 02200349 04500
001 226717
003 http://id.bnportugal.gov.pt/bib/catbnp/226717
005 19981202135100.0
095 ## $aPTBN00235036
100 ## $a19900329d1621 k y0pory0103 ba
101 0# $aita
102 ## $aIT
105 ## $ay z 000ey
106 ## $ar
200 1# $aLettere Annue del Giappone, China, Goa, et Ethiopia. Scritte al M.R.P. Generale della Compagnia di Giesù. Da Padri dell' istessa Compagnia ne gli anni 1615. 1616. 1617. 1618. 1619.$fVolgarizati dal P. Lorenzo delle Pozze...
210 #9 $aIn Napoli$cper Lazaro Scoriggio,$d1621
215 ## $a404, [4] p.$d8º (16 cm)
307 ## $aAssin.: A-Z//8, Aa-Bb//8, Cc//4
307 ## $aEncadernação em pergaminho rígido com ferros gravados a ouro
321 1# $aSommmervogel II col. 1383
321 ## $aBarbosa Machado I 391
500 11 $aCartas dos Jesuítas
606 00 $2SIPOR$368295
620 ## $dNápoles
702 #1 $aDelle Pozze,$bLorenzo$4340$3414873
702 #1 $aScoriggio,$bLazzaro,$ffl. 1612-1633$4610$3182007
801 #0 $aPT$bBN$gRPC
856 40 $uhttps://purl.pt/22670
856 41 $uhttps://purl.pt/22670/service/media/cover/low
856 49 $uhttps://purl.pt/22670/service/media/pdf$qapplication/pdf
958 ## $aBND$bLivre$cDigitalizado$d1$ehttps://purl.pt/22670/service/media/cover/max
966 ## $lBN$mRESIMP$nEncadernação em pergaminho com esquadria e emblema da Companhia em dourado. - Dourado nos cortes. - Cota antiga: H.G. 4003 P.$sRES. 5513 P.

Etiqueta de registo: 00254nam 2200025 450
001 1970317
003 http://id.bnportugal.gov.pt/bib/catbnp/1970317
100 ## $a20170829d1627 m y0pory01030103ba
101 0# $alat
102 ## $aIT
105 ## $aa z 000yy
106 ## $ar
200 1# $aIoannis Camilli Gloriosi Exercitationum mathematicarum decas prima$ein qua continentur varia & theoremata & problemata...
210 #9 $aNeapoli$cex typographia Lazari Scorigij,$d1627
215 ## $a106 p.$cil.$d4º (20 cm)
303 ## $aP. 89-94 desdobr.
500 1# $aExercitationum mathematicarum
620 ## $dNápoles
700 #1 $aGlorioso,$bGiovanni Camillo,$f1572-1643$31689861
702 #1 $aScoriggio,$bLazzaro,$ffl. 1612-1633$4610$3182007
801 #0 $aPT$bBN$gRPC
966 ## $lBN$mFGMON$sS.A. 2320 P.
997 ## $aBIBEOD

Etiqueta de registo: 00254nam 2200025 450
001 2289204
003 http://id.bnportugal.gov.pt/bib/catbnp/2289204
100 ## $a20260630g16231626m y0pory01030103ba
101 0# $alat
102 ## $aIT
105 ## $ay z 000yy
106 ## $ar
200 1# $aIntroductio in sacram doctrinam$eopus perutile tum ad concionandum, tum ad studia peragenda & Scripturalis, & Scholasticae, & Moralis, & Canonisticae, & Controuersisticae Theologiae; vt Proemium indicabit...$fAuctore Francisco Pauonio Catacensi Theologo Societatis Iesu
210 #9 $aNeapoli$cex typographia Lazari Scorrigij,$d1623-1626
215 ## $a3 partes em 3 v.$d8º (15 cm)
303 ## $aDescrição do v. 1 segundo bibliogr.
307 ## $aInsígnia da Companhia de Jesus na f. de rosto de cada v.
316 ## $aColeção incompleta, complementada por um v. 1 da ed. de 1628. - Exemplares em mau estado, com ação de insetos afetando o texto. - Enc. em pergaminho$5PTBN: R. 1940-1941 P.
317 ## $aPert. manuscrito na pasta anterior do v. 3: "Pertençe ao Coll[égi]o da Comp[anhi]a de Jesu de Coimbra"$5PTBN: R. 1940-1941 P.
321 ## $aIT\ICCU\BVEE\043765
327 11 $a[V. 1]. - 1623. - 544, 14, [2] p. - Assin.: A-Ll//8, A//8. - Contém, com f. de rosto, paginação e assin. próprias: Paradigmata interpretationum scripturalium, & concionum, secundum vsum introductionis in sacram doctrinam / editae à Francisco Pauonio Catacensi... - Neapoli : ex typographia Lazari Scorrigij, 1624. - 14, [2] p. - Assin.: A//8 ; [V. 2]: Introductionis in sacram doctrinam pars secunda : De definitionibus Isagogicis. Siue De naturali theologia... - 1625. - 1166, [2] p. - Assin.: A-Dddd//8 ; [V. 3]: Introductionis in sacram doctrinam pars tertia : De canonibus isagogicis. Siue de sacrae interpretationi ratione... - 1626. - 1671, [1 br.] p. - Assin.: A-Lllll//8, Mmmmm//12
517 1# $aParadigmata interpretationum scripturalium, et concionum, secundum usum introductionis in sacram doctrinam
517 1# $aIntroductionis in sacram doctrinam
620 ## $dNápoles
700 #1 $aPavone,$bFrancesco,$f1568-1637,$cS.J.$32002090
702 #1 $aScoriggio,$bLazzaro,$ffl. 1612-1633$4610$3182007
712 02 $aCompanhia de Jesus.$bColégio$c(Coimbra)$4390$3100396
801 #0 $aPT$bBN$gRPC
856 40 $2Cópia digital do v. 1 disponível em Google Books$uhttps://books.google.pt/books?id=kegQFaZcCFYC&hl=pt-PT&pg=PA1#v=onepage&q&f=false
856 40 $2Cópia digital do v. 2 disponível em Google Books$uhttps://books.google.pt/books?id=PxJJJQ9fLJAC&hl=pt-PT&pg=PA1#v=onepage&q&f=false
966 ## $dV. 2$lBN$mFGMON$sR. 1940 P.
966 ## $dV. 3$lBN$mFGMON$sR. 1941 P.
971 ## $cpmesqui$d20260630
997 ## $aBIBEOD

Etiqueta de registo: 00254nam 2200025 450
001 2289197
003 http://id.bnportugal.gov.pt/bib/catbnp/2289197
100 ## $a20260630d1628 m y0pory01030103ba
101 0# $alat
102 ## $aIT
105 ## $ay z 000yy
106 ## $ar
200 1# $aIntroductionis in sacram doctrinam pars prima$eDe methodo, ac summa sacrorum$eSiue De diuina theologia$eOpus perutile tum ad concionandum, tum ad studia peragenda & Scripturalis, & Scholasticae, & Moralis, & Canonisticae...$fAuctore Francisco Pavonio Catacensi Theologo Societatis Iesu
210 #9 $aNeapoli$cex typographia Lazari Scorigij,$d1628
215 ## $a728 p.$d8º (15 cm)
305 ## $aÚnico v. referenciado desta ed. (cf. bibliografia)
307 ## $aInsígnia da Companhia de Jesus na f. de rosto
307 ## $aAssin.: A-Z//8, Aa-Xx//8, Yy//12
316 ## $aComplementa os vols. 2 e 3 da ed. de 1623-1626. - Exemplar em mau estado, com ação de insetos afetando o texto. - Enc. em pergaminho$5PTBN: R. 1939 P.
317 ## $aPert. manuscrito na pasta anterior: "Pertençe ao Coll[égi]o da Comp[anhi]a de Jesu de Coimbra"$5PTBN: R. 1939 P.
321 ## $aICCU IT\ICCU\PUVE\021457
620 ## $dNápoles
700 #1 $aPavone,$bFrancesco,$f1568-1637,$cS.J.$32002090
702 #1 $aScoriggio,$bLazzaro,$ffl. 1612-1633$4610$3182007
712 02 $aCompanhia de Jesus.$bColégio$c(Coimbra)$4390$3100396
801 #0 $aPT$bBN$gRPC
966 ## $lBN$mFGMON$sR. 1939 P.
971 ## $cpmesqui$d20260630
997 ## $aBIBEOD

OpendataBNP@bnportugal.pt | Mais informação sobre acesso aos dados BNP